| 000 | 00515cam8a220018100 4500 | ||
|---|---|---|---|
| 001 | zam00000138 | ||
| 008 | 970717n xx eng u | ||
| 035 | _a(Sirsi) r130138 | ||
| 040 | _dUPRA | ||
| 100 |
_aParry, Geraint. _6A40245.2 |
||
| 245 | 1 | 0 | _aPolitical elites. |
| 260 |
_aYork : _bPraeger Publishers, _c1969. |
||
| 520 | _aDeals with elites in politics. | ||
| 650 | 4 |
_aElite. _6S76430.1 |
|
| 650 | 4 |
_aElite -- Politics. _xElite -- Politics. _6S76529.1 |
|
| 949 | 1 | 0 |
_mINESOR _tBOOK _lON-SHELF |
| 004 | 130138 | ||
| 999 |
_c21942 _d21942 |
||